LEADER 00923nam0-2200325---450- 001 990005040430403321 005 20150223115125.0 035 $a000504043 035 $aFED01000504043 035 $a(Aleph)000504043FED01 035 $a000504043 100 $a19990604d1961----km-y0itay50------ba 101 0 $aita 105 $ay-------001yy 200 1 $aQuattro verità sulla Germania$fErich Kuby$gtraduzione di Roberto Margotta 210 $a[Milano]$cMondadori$d1961 215 $a236 p.$d20 cm 225 1 $a<>bosco$v93 454 0$12001$aAlles im Eimer$940940 610 0 $aGermania$aStoria$a1944-1960 676 $a943.087$v22 700 1$aKuby,$bErich$0123154 702 1$aMargotta,$bRoberto 801 0$aIT$bUNINA$gRICA$2UNIMARC 901 $aBK 912 $a990005040430403321 952 $a943.087 KUB 1$bFil.Mod. 8445$fFLFBC 959 $aFLFBC 996 $aAlles im Eimer$940940 997 $aUNINA LEADER 01966oam 2200469M 450 001 9910716138603321 005 20200213070929.1 035 $a(CKB)5470000002518730 035 $a(OCoLC)1065612264 035 $a(OCoLC)995470000002518730 035 $a(EXLCZ)995470000002518730 100 $a20071213d1926 ua 0 101 0 $aeng 135 $aurcn||||||||| 181 $ctxt$2rdacontent 182 $cc$2rdamedia 183 $acr$2rdacarrier 200 10$aTransferring McKenzie County from the southwestern division of the judicial district of North Dakota and providing for an additional term of court at Bismarck, N. Dak. February 16, 1926. -- Referred to the House Calendar and ordered to be printed 210 1$a[Washington, D.C.] :$c[U.S. Government Printing Office],$d1926. 215 $a1 online resource (4 pages) 225 1 $aHouse report / 69th Congress, 1st session. House ;$vno. 306 225 1 $a[United States congressional serial set ] ;$v[serial no. 8531] 300 $aBatch processed record: Metadata reviewed, not verified. Some fields updated by batch processes. 300 $aFDLP item number not assigned. 606 $aDistrict courts 606 $aJudicial districts 606 $aLegislative amendments 606 $aTerms of court 608 $aLegislative materials.$2lcgft 615 0$aDistrict courts. 615 0$aJudicial districts. 615 0$aLegislative amendments. 615 0$aTerms of court. 701 $aGraham$b George Scott$f1850-1931$pRepublican (PA)$01386798 801 0$bWYU 801 1$bWYU 801 2$bOCLCO 801 2$bOCLCQ 906 $aBOOK 912 $a9910716138603321 996 $aTransferring McKenzie County from the southwestern division of the judicial district of North Dakota and providing for an additional term of court at Bismarck, N. Dak. February 16, 1926. -- Referred to the House Calendar and ordered to be printed$93526719 997 $aUNINA LEADER 02061oam 2200493 450 001 996339107203316 005 20230315142345.0 010 $a1-4619-1120-6 035 $a(OCoLC)811563013 035 $a(MiFhGG)GVRL6AKB 035 $a(EXLCZ)992670000000258007 100 $a20120924d2012 uy 0 101 0 $aeng 135 $aurun|---uuuua 181 $ctxt 182 $cc 183 $acr 200 10$aDemographics of the U.S. $etrends and projections /$fby Cheryl Russell 205 $a4th edition. 210 1$aIthaca, N.Y. :$cNew Strategist Publications, Inc.,$d2012. 215 $a1 online resource (xvi, 531 pages) $cillustrations 225 0 $aGale eBooks 300 $aBibliographic Level Mode of Issuance: Monograph 311 $a1-937737-16-0 311 $a1-937737-00-4 320 $aIncludes bibliographical references and index. 327 $ach 1. Attitudes and behavior -- ch 2. Education -- ch 3. Health -- ch 4. Housing -- ch 5. Income -- ch 6. Labor force -- ch 7. Living arrangements -- ch 8. Population -- ch 9. Spending -- ch 10. Wealth. 330 $aDetails the socioeconomic trends of the last half of the twentieth century and the first decade of the 21st. It includes comprehensive coverage of historical statistics, including single-year data on many topics such as school enrollment, SAT scores, hospital admissions, employment status of men and women, living arrangements of children, marital status, and geographic mobility. 606 $aDemographic surveys$zUnited States 606 $aPopulation forecasting$zUnited States 606 $aEconomic forecasting$zUnited States 607 $aUnited States$xPopulation 607 $aUnited States$xEconomic conditions 615 0$aDemographic surveys 615 0$aPopulation forecasting 615 0$aEconomic forecasting 676 $a304.60973 700 $aRussell$0371194 801 0$bMiFhGG 801 1$bMiFhGG 906 $aBOOK 912 $a996339107203316 996 $aDemographics of the U.S$93869984 997 $aUNISA